Development of search strategy forsingle / multiagent UAVs in cooperative environment for Search and Rescue (S&R) / Area Surveillance / (Record no. 608920)
[ view plain ]
| 000 -LEADER | |
|---|---|
| fixed length control field | 00631nam a22001577a 4500 |
| 003 - CONTROL NUMBER IDENTIFIER | |
| control field | NUST |
| 082 ## - DEWEY DECIMAL CLASSIFICATION NUMBER | |
| Classification number | 629.8 |
| 100 ## - MAIN ENTRY--PERSONAL NAME | |
| Personal name | ABBAS ,SYED ASSAD |
| 245 ## - TITLE STATEMENT | |
| Title | Development of search strategy forsingle / multiagent UAVs in cooperative environment for Search and Rescue (S&R) / Area Surveillance / |
| Statement of responsibility, etc. | SYED ASSAD ABBAS |
| 264 ## - PRODUCTION, PUBLICATION, DISTRIBUTION, MANUFACTURE, AND COPYRIGHT NOTICE | |
| Place of production, publication, distribution, manufacture | Islamabad: |
| Name of producer, publisher, distributor, manufacturer | SMME- NUST. |
| Date of production, publication, distribution, manufacture, or copyright notice | 2021. |
| 300 ## - PHYSICAL DESCRIPTION | |
| Extent | 56p. ; |
| Other physical details | Soft Copy, |
| Dimensions | 30cm. |
| 650 ## - SUBJECT ADDED ENTRY--TOPICAL TERM | |
| Topical term or geographic name entry element | MS Robotics and Intelligent Machine Engineering |
| 710 ## - ADDED ENTRY--CORPORATE NAME | |
| Corporate name or jurisdiction name as entry element | Supervisor : Dr. Muhammad Jawad Khan |
| 856 ## - ELECTRONIC LOCATION AND ACCESS | |
| Uniform Resource Identifier | <a href="http://10.250.8.41:8080/xmlui/handle/123456789/26330">http://10.250.8.41:8080/xmlui/handle/123456789/26330</a> |
| 942 ## - ADDED ENTRY ELEMENTS (KOHA) | |
| Source of classification or shelving scheme | |
| Koha item type | Thesis |
| Withdrawn status | Permanent Location | Current Location | Shelving location | Date acquired | Full call number | Barcode | Koha item type |
|---|---|---|---|---|---|---|---|
| School of Mechanical & Manufacturing Engineering (SMME) | School of Mechanical & Manufacturing Engineering (SMME) | Thesis | 04/22/2024 | 629.8 | SMME-TH-655 | Thesis |
